A study on the Malaysian civil law relating to matrimonial property after dissolution of marriage /
Saved in:
| Main Author: | |
|---|---|
| Format: | Thesis |
| Language: | English |
| Published: |
Gombak :
International Islamic University Malaysia,
2004.
|
| Subjects: | |
| Online Access: | http://studentrepo.iium.edu.my/handle/123456789/1890 |
| Tags: |
Add Tag
No Tags, Be the first to tag this record!
|
| LEADER | 024020000a22004450004500 | ||
|---|---|---|---|
| 001 | 287341 | ||
| 005 | 20090216234200.0 | ||
| 008 | 040825t2004 my g b 000 0 eng d | ||
| 035 | |a (Sirsi) 287341 | ||
| 040 | |a UIAM |b eng | ||
| 041 | 0 | |a eng | |
| 043 | |a a-my--- | ||
| 049 | |b m | ||
| 050 | 0 | 0 | |a KPG581 |
| 100 | 0 | |a Norliah binti Ibrahim | |
| 245 | 1 | 2 | |a A study on the Malaysian civil law relating to matrimonial property after dissolution of marriage / |c Norliah binti Ibrahim |
| 260 | |a Gombak : |b International Islamic University Malaysia, |c 2004. | ||
| 300 | |a xxviii, 332 p. ; |c 30 cm. | ||
| 500 | |a Abstract in English and Arabic. | ||
| 502 | |a "A thesis submitted as a requirement for the Degree of Ph.D in Law"--T.p. | ||
| 502 | |a Thesis (Ph.D.) -- International Islamic University Malaysia, 2004. | ||
| 504 | |a Includes bibliographical references [leaves 295-332]. | ||
| 530 | |a Also available on 3 1/2 in. computer disk. | ||
| 596 | |a 1 | ||
| 650 | 0 | |a Equitable distribution of marital property |z Malaysia | |
| 650 | 0 | |a Divorce settlement |z Malaysia | |
| 650 | 0 | |a Marital property |z Malaysia | |
| 650 | 0 | |a Marital property (Islamic law) | |
| 655 | 0 | 7 | |a Theses, IIUM local |
| 690 | 0 | |a Dissertations, Academic |x Ahmad Ibrahim Kulliyyah of Laws |z IIUM | |
| 710 | 2 | |a International Islamic University Malaysia. |b Ahmad Ibrahim Kulliyyah of Laws | |
| 730 | 2 | |a A study on the Malaysian civil law relating to matrimonial property after dissolution of marriage (Computer file) | |
| 856 | 4 | |u http://studentrepo.iium.edu.my/handle/123456789/1890 | |
| 900 | |a hj-ka-bs-nmz-mzh | ||
| 999 | |c 432368 |d 466785 | ||
| 952 | |0 0 |6 T KPG000581 N841S 2004 |7 0 |8 THESES |9 752779 |a IIUM |b IIUM |c MULTIMEDIA |g 0.00 |o t KPG581 N841S 2004 |p 00000908956 |r 2017-10-20 |t 1 |v 0.00 |y THESIS | ||
| 952 | |0 0 |6 LU T KPG581 N841S 2004 |7 0 |8 THESES |9 755074 |a IIUM |b IIUM |c CLOSEACCES |g 0.00 |o lu t KPG581 N841S 2004 |p 00000894796 |r 2017-10-24 |t 1 |v 0.00 |y THESIS | ||
| 952 | |0 0 |6 LU T KPG581 N841S 2004 |7 0 |8 THESES |9 755075 |a IIUM |b IIUM |c CLOSEACCES |g 0.00 |o lu t KPG581 N841S 2004 |p 00000894797 |r 2017-10-24 |t 2 |v 0.00 |y THESIS | ||
| 952 | |0 0 |6 LU T KPG581 N841S 2004 |7 0 |8 THESES |9 755076 |a IIUM |b IIUM |c CLOSEACCES |g 0.00 |o lu t KPG581 N841S 2004 |p 00011274347 |r 2017-10-24 |t 3 |v 0.00 |y THESIS | ||
| 952 | |0 0 |6 TS CDF KPG581N841S 2004 |7 0 |8 THESES |9 815954 |a IIUM |b IIUM |c MULTIMEDIA |g 0.00 |o ts cdf KPG581N841S 2004 |p 00000916105 |r 2017-10-26 |t 1 |v 0.00 |y THESISDIG | ||
